000 00269 a2200121 4500
999 _c322935
_d322935
001 87862
003 NUST
005 20180124142814.0
008 180124b xxu||||| |||| 00| 0 eng d
082 _a813.54 BRO
100 _aDan Brown
_99709
245 _aInferno
_hEnglish
260 _aLondon
_bBANTAM PRESS
_c2013
300 _a462p+xi
942 _aCAE NUST
_cBK
_k813.54 BRO
_2ddc